[Event "Srpska Republic-chT 1st League"]
[White "Zivkovic, Milenko"]
[Black "Tomic, Vladanka"]
[Site "Banja Dvorovi"]
[Round "7.2"]
[Result "1/2-1/2"]
[Date "2017.08.18"]
[WhiteElo "1965"]
[BlackElo "1869"]
[PlyCount "87"]
[EventDate "2017.08.12"]
[EventType "team-tourn"]
[EventRounds "9"]
[EventCountry "BIH"]
[SourceTitle "EXT 2019"]
[Source "ChessBase"]
[SourceDate "2018.10.10"]
[SourceVersion "1"]
[SourceVersionDate "2018.10.10"]
[SourceQuality "1"]
[WhiteTeam "Derventa"]
[BlackTeam "Teslic Mladost"]
[WhiteTeamCountry "BIH"]
[BlackTeamCountry "BIH"]

1. d4 d5 2. e4 dxe4 3. Nc3 Nf6 4. Bg5 c6 5. Bxf6 exf6 6. Nxe4 Bf5 7. Qe2 Bb4+ 8. c3 Bxe4 9. Qxe4+ Qe7 10. Bd3 Qxe4+ 11. Bxe4 Be7 12. Nf3 Nd7 13. 0-0 0-0 14. Rfe1 Rfe8 15. Bc2 Nb6 16. Nd2 c5 17. dxc5 Bxc5 18. Kf1 Rad8 19. Ne4 Bf8 20. Bb3 h6 21. Ng3 g6 22. Rad1 f5 23. f4 h5 24. Ne2 Bg7 25. Ng1 Kf8 26. Nf3 Bf6 27. g3 Rxe1+ 28. Kxe1 Rxd1+ 29. Kxd1 Nd7 30. Ke2 Nc5 31. Bc2 Ke7 32. b4 Ne4 33. c4 Nc3+ 34. Ke3 Nxa2 35. b5 Nc3 36. Nd2 Kd6 37. Nb3 b6 38. h4 Bg7 39. Kf3 Bh8 40. Ke3 Bg7 41. Kf3 Bh8 42. Ke3 Bg7 43. Kf3 Bh8 44. Ke3 1/2-1/2